Влияние изменения температурного коэффициента "К" на величину эффекта вулканизации в расчетной точке оболочки кабеля; Известия Томского политехнического института [Известия ТПИ]; Т. 205 : Теплоэнергетический выпуск

書誌詳細
Parent link:Известия Томского политехнического института [Известия ТПИ]/ Томский политехнический институт (ТПИ).— , 1944-1976
Т. 205 : Теплоэнергетический выпуск.— 1972.— [С. 94-97]
第一著者: Татарников А. А. Анатолий Алексеевич
要約:Заглавие с титульного листа
Электронная версия печатной публикации
言語:ロシア語
出版事項: 1972
主題:
オンライン・アクセス:Черно-белая версия для предварительного просмотра
Цветная версия без потери качества
フォーマット: 電子媒体 図書の章
KOHA link:https://koha.lib.tpu.ru/cgi-bin/koha/opac-detail.pl?biblionumber=224086

MARC

LEADER 00000nla2a2200000 4500
001 224086
005 20231031200333.0
035 |a (RuTPU)RU\TPU\book\244370 
035 |a RU\TPU\book\244368 
090 |a 224086 
100 |a 20121019d1972 k y0rusy50 ca 
101 0 |a rus 
102 |a RU 
135 |a drnn ---uucaa 
181 0 |a i  
182 0 |a b 
200 1 |a Влияние изменения температурного коэффициента "К" на величину эффекта вулканизации в расчетной точке оболочки кабеля  |b Электронный ресурс  |f А. А. Татарников 
203 |a Текст  |c электронный 
215 |a 2 файла (129 Кб, 4.3 Мб) 
230 |a Электронные текстовые данные (2 файла : 129 Кб, 4.3 Мб) 
300 |a Заглавие с титульного листа 
300 |a Электронная версия печатной публикации 
320 |a [Библиогр.: с. 97 (3 назв.)] 
337 |a Adobe Reader 
461 1 |0 (RuTPU)RU\TPU\book\200995  |t Известия Томского политехнического института [Известия ТПИ]  |f Томский политехнический институт (ТПИ)  |d 1944-1976 
463 1 |0 (RuTPU)RU\TPU\book\244261  |t Т. 205 : Теплоэнергетический выпуск  |v [С. 94-97]  |d 1972  |p 168 с. 
610 1 |a электронный ресурс 
610 1 |a труды учёных ТПУ 
700 1 |a Татарников  |b А. А.  |c российский ученый, специалист в области материаловедения  |c доцент Томского политехнического университета, кандидат технических наук  |f 1927-2009  |g Анатолий Алексеевич  |2 stltpush  |3 (RuTPU)RU\TPU\pers\25834 
801 1 |a RU  |b 63413507  |c 20090320  |g PSBO 
801 2 |a RU  |b 63413507  |c 20121204  |g PSBO 
856 4 |u http://www.lib.tpu.ru/fulltext/v/Bulletin_TPU/1972/v205/19_bw.pdf  |z Черно-белая версия для предварительного просмотра 
856 4 |u http://www.lib.tpu.ru/fulltext/v/Bulletin_TPU/1972/v205/19_full.pdf  |z Цветная версия без потери качества 
942 |c CF